Sports Quiz

Random Sports or WWE Quiz

AJ Styles PPV Title Victories Quiz Stats

Quiz not verified by Sporcle

Challenge
Share
Tweet
Embed
Score 0/13 Timer 02:00
0 Plays Today
PPV Opponent % Correct
WWE World ChampionshipDean Ambrose
86.9%
TNA World ChampionshipKurt Angle
74.3%
TNA Tag-Team ChampionshipBad Influence
73.8%
TNA X-Division ChampionshipChristopher Daniels
72.3%
NWA World Heavyweight ChampionshipJeff Jarrett
62.3%
TNA Legends ChampionshipBooker T.
56.5%
IWGP Heavyweight ChampionshipKazuchika Okada
55%
TNA World ChampionshipBully Ray
49.7%
NWA Tag-Team ChampionshipAmerica's Most Wanted
39.3%
IWGP Heavyweight ChampionshipHiroshi Tanahashi
39.3%
NWA Tag-Team ChampionshipLAX
28.8%
TNA X-Division ChampionshipPetey Williams
28.3%
WWA Cruiserweight ChampionshipJerry Lynn
15.7%

You're not logged in!

Compare scores with friends on all Sporcle quizzes.
Sign Up with Email
OR
Log In

You Might Also Like...

Show Comments

Extras

Top Quizzes Today


Score Distribution

Your Account Isn't Verified!

In order to create a playlist on Sporcle, you need to verify the email address you used during registration. Go to your Sporcle Settings to finish the process.